[Event "FRA-chT2 0910"]
[Site "France"]
[Date "2009.12.12"]
[Round "5.7"]
[White "Miller, Sophie"]
[Black "Lemoine, Thomas"]
[Result "1-0"]
[WhiteElo "1810"]
[BlackElo "2006"]
[PlyCount "72"]
[EventDate "2009.09.27"]
[EventType "team-tourn"]
[EventRounds "11"]
[EventCountry "FRA"]
[SourceTitle "EXT 2011"]
[Source "ChessBase"]
[SourceDate "2010.11.26"]
[SourceVersion "1"]
[SourceVersionDate "2010.11.26"]
[SourceQuality "1"]

1. d4 Nf6 2. Nf3 e6 3. e3 c5 4. Bd3 Nc6 5. a3 b6 6. b3 cxd4 7. exd4 Be7 8. Bb2 d5 9. Nbd2 0-0 10. 0-0 a5 11. Ne5 Qc7 12. f4 Ba6 13. c4 Rfd8 14. Rf3 dxc4 15. Nxc6 cxd3 16. Nxd8 Rxd8 17. Rc1 Qb8 18. Nc4 Nd5 19. g3 Bb7 20. Rxd3 Ba8 21. Ne3 Nxe3 22. Rxe3 Qb7 23. Qe2 Qh1+ 24. Kf2 Qxh2+ 25. Ke1 Qh1+ 26. Kd2 Qd5 27. Qc4 Qg2+ 28. Qe2 Qd5 29. g4 Bd6 30. Qf2 Bb7 31. Rce1 Bc5 32. Re4 Qd6 33. Re5 Bxa3 34. Ke3 Qb4 35. Bxa3 Qxd4+ 36. Ke2 Qd3# 1-0

[Event "FRA-chT2 North 0809"]
[Site "France"]
[Date "2008.10.19"]
[Round "1.8"]
[White "Heyman, Jacques"]
[Black "Miller, Sophie"]
[Result "1/2-1/2"]
[WhiteElo "1874"]
[BlackElo "1820"]
[PlyCount "86"]
[EventDate "2008.10.19"]
[EventType "team-tourn"]
[EventRounds "11"]
[EventCountry "FRA"]
[SourceTitle "EXT 2010"]
[Source "ChessBase"]
[SourceDate "2010.11.25"]
[SourceVersion "1"]
[SourceVersionDate "2010.11.25"]
[SourceQuality "1"]
[WhiteTeam "Le Touquet"]
[BlackTeam "Henin Beaumont"]
[WhiteTeamCountry "FRA"]
[BlackTeamCountry "FRA"]

1. d4 d5 2. Bf4 e6 3. Nf3 Nc6 4. e3 Bd7 5. c3 Nf6 6. Nbd2 g6 7. h3 Bg7 8. Ne5 0-0 9. Be2 Ne8 10. Nxc6 Bxc6 11. 0-0 Nd6 12. Nf3 f6 13. Rc1 Nf7 14. c4 e5 15. cxd5 Bxd5 16. Bg3 c6 17. Bc4 e4 18. Nh2 f5 19. Qb3 Bxc4 20. Rxc4 Qd7 21. Rfc1 Rac8 22. a4 Kh8 23. Qc2 Nd6 24. Rc3 g5 25. Bxd6 Qxd6 26. Rc5 Rf7 27. d5 Be5 28. Nf1 Rfc7 29. Qd2 f4 30. f3 fxe3 31. Nxe3 Bf4 32. Qd4+ Be5 33. Qd1 exf3 34. gxf3 cxd5 35. Rxc7 Rxc7 36. Rxc7 Qxc7 37. Qxd5 Qc1+ 38. Nf1 Qxb2 39. Qd8+ Kg7 40. Qxg5+ Kf7 41. Qf5+ Kg7 42. Qg5+ Kf7 43. Qf5+ Kg7 1/2-1/2